| 000 | 01217nam a2200205Ia 4500 | ||
|---|---|---|---|
| 999 |
_c8089 _d8089 |
||
| 005 | 20250703103005.0 | ||
| 008 | 230506s9999 xx 000 0 und d | ||
| 020 | _a9992328042 | ||
| 040 |
_aUPAN _cBiblioteca San Vicente _eRCAA2 |
||
| 041 | _aspa | ||
| 082 |
_a345.05 _bC393d _c2000 |
||
| 100 |
_aCasado Pérez, José María _4aut. |
||
| 245 | 0 |
_aDerecho procesal penal Salvadoreño./ _bJosé María Casado Pérez |
|
| 260 |
_aEl Salvador: _bJusticia de paz, _c2000 |
||
| 300 |
_a1140 p.: _c25 cm. |
||
| 505 | _aCapitulo I. Los principios constitucionales del proceso penal Capitulo II. La acciòn penal y civil Capitulo III. Los sujetos procesales Capitulo IV. Los actos procesales Capitulo V. La prueba en el proceso penal Capitulo VI. La nulidad de actuaciones Capitulo VII. La instrucciòn (I) Capitulo VIII. La instrucciòn (II). La audiencia preliminar Capitulo IX. Las medidas cautelares Capitulo X. El sobreseimiento Capitulo XI. El juicio plenario Capitulo XII. Los procedimientos especiales Capitulo XIII. Los recursos Capitulo XIV. Ejecuciòn de la sentencia penal y disposiciones generales | ||
| 650 |
_2LEMB _aDerecho penal |
||
| 700 |
_aLópez Ortega, Juan José _4col. |
||
| 942 |
_cBK _2ddc |
||